LEADER 01458nam a2200349 u 4500 001 000000031754 003 CaOOAMICUS 005 20070226112157.0 008 971007s1973 it u000 u ita u 020 $a8839401784 035 $a10771867 040 $aPUL$bita 041 1 $aita$agrc$hger 100 1 $aSchlier, Heinrich,$d1900-1978.$0(OLS)http://pul/name/289 240 10$aBrief an die Epheser.$lItaliano.$0(OLS)http://pul/title/43694 245 13$aLa lettera agli Efesini /$ccommento di Heinrich Schlier ; traduzione italiana di Omero Soffritti. 250 $a2. ed. riveduta. 260 $aBrescia :$bPaideia,$c1972. 300 $a515 p. ;$c23 cm 490 1 $aCommentario teologico del Nuovo Testamento ;$vX, 2 500 $aTesto greco e traduzione. 630 04$aBiblia.$pN.T.$pAd Ephesios.$0(OLS)http://pul/subject/15863 700 1 $aSoffritti, Omero.$0(OLS)http://pul/name/6838 730 0 $aBiblia.$pN.T.$pAd Ephesios.$lItaliano.$0(OLS)http://pul/title/43242 830 0$aCommentario teologico del Nuovo Testamento ;$vX, 2.$0(OLS)http://pul/title/43668 850 $aPUL 852 $aPUL$W1$xSL Religione 1$y3$m1(7) P 1.10.2$j43803$nBK-PRI$b $qStampati$B43803$CPULBib$Z2$F43803 $82 941 1 $a8 961 $aINV: 39456 996 $6020$a8839401784$9(OLS)http://pul/number/39868 996 $6245$aLa lettera agli Efesini$9(OLS)http://pul/title/43243 996 $6260$aBrescia :$bPaideia$9(OLS)http://pul/publisher/47884 LEADER 01216nam a2200277 u 4500 001 000000108125 003 CaOOAMICUS 005 20071108111406.0 008 071108s2006 it u000 u ita u 020 $a88-217-2303-8 040 $aPUL$bita$dLDB 100 1 $aCampeis, Giuseppe.$0(OLS)http://pul/name/66328 245 13$aIl giudizio di Cassazione :$bla movitą della riforma /$cGiuseppe Campeis, Arrigo De Pauli. 260 $aMilano :$bIpsoa,$c2006. 300 $a216 p. ;$c24 cm. 490 1 $aRiforma del processo civile ;$v05 504 $aBibliografia in nota. 630 04$aCodice di procedura civile$zItalia.$0(OLS)http://pul/subject/19975 700 1 $aDe Pauli, Arrigo.$0(OLS)http://pul/name/66327 830 0$aRiforma del processo civile ;$v05.$0(OLS)http://pul/title/136079 850 $aPUL 852 $aPUL$W1$xSL Diritto e Scienze Sociali 3$y79$m347. 45 COLL 1.5$j123030$qDDC 21$B122008$CPULBib$Z2$F122008 $H105418 $82 941 1 $a9 996 $6020$a88-217-2303-8$9(OLS)http://pul/number/136173 996 $6245$aIl giudizio di Cassazione :$bla movitą della riforma$9(OLS)http://pul/title/136084 996 $6260$aMilano :$bIpsoa$9(OLS)http://pul/publisher/67046 LEADER 01384nam a2200337 a 4500 001 000000159835 003 CaOOAMICUS 005 20170403152917.0 008 170403r2013 it u000 u ita u 020 $a978-88-243-2286-7* 032 $aLibriCat 040 $aPUL$bita 082 14$a340.54 100 1 $aNardi, Enzo.$0(OLS)http://pul/name/4335 245 10$aRabelais e il diritto romano / $cEnzo Nardi ; con una nota di lettura di Marco Cavina e Gianni Santucci. 260 $aNapoli :$bJovene,$c©2013. 300 $aXXV, 250 p. ;$c25 cm. 490 1 $aAntiqua ;$v101 504 $aBibliografia in nota a pič pagina. 650 4$aDiritto romano$xStudi.$0(OLS)http://pul/subject/41786 700 1 $aCavina, Marco.$0(OLS)http://pul/name/91083 700 1 $aSantucci, Gianni.$0(OLS)http://pul/name/78325 830 0$aAntiqua (Jovene) ;$v101.$0(OLS)http://pul/title/14121 850 $aPUL 852 $aPUL$W1$xSL Diritto e Scienze Sociali 3$y79$m340. 54 NAREN 1$j183418$qDDC 21$B186624$CPULBib$Z2$F186624 $H129232 $81 941 1 $a9 996 $6020$a978-88-243-2286-7*$9(OLS)http://pul/number/162312 996 $6082$a340.54$9(OLS)http://pul/classification/477 996 $6245$aRabelais e il diritto romano / $9(OLS)http://pul/title/199463 996 $6260$aNapoli :$bJovene$9(OLS)http://pul/publisher/47845